Biblioteka Instytutu Północnego w Olsztynie

Widok standardowy Widok MARC

Pozycja Corporate Name

Liczba rekordów, w których użyto hasła: 11

001 - Numer kontrolny

  • control field: 36009

003 - Identyfikator numeru kontrolnego

  • control field: NUKAT

005 - Data i czas ostatniej modyfikacji

  • control field: 20260129225138.0

008 - Dane kontrolne kodowane (40 znaków)

  • fixed length control field: 130428n||a|znnaabn |a ana |c

010 ## - Numer kontrolny Biblioteki Kongresu

  • numer kontrolny LC: n 2013060029

024 7# - OTHER STANDARD IDENTIFIER

  • Standard number or code: 123481570
  • Source of number or code: viaf

040 ## - Instytucja sporządzająca rekord

  • inst. przygot. dane do rek. khw: KR 295/AJ
  • język haseł przedmiotowych/tezaurus: kaba
  • inst. wprow. rek. khw: KR 295/AJs
  • inst. modyf. rek. khw: WA U/KSZsynat
  • inst. modyf. rek. khw: WA U/MM
  • inst. modyf. rek. khw: WA U/DUNWB
  • inst. modyf. rek. khw: WA U/45TC
  • inst. modyf. rek. khw: POZN U/AnK
  • inst. modyf. rek. khw: WA U/MBA
  • inst. modyf. rek. khw: WR U/ZS
  • inst. modyf. rek. khw: WR U/ao
  • inst. modyf. rek. khw: WA 392/MD
  • inst. modyf. rek. khw: WA U/KSZ
  • inst. modyf. rek. khw: WA U/AB
  • inst. modyf. rek. khw: KR 253/KM
  • inst. modyf. rek. khw: SZCZ ZUT/MG
  • inst. modyf. rek. khw: WR 194/AB

043 ## - Kod obszaru geograficznego

  • ISO code: DE

046 ## - Special dates

  • Start period: 1801
  • End period: 1920~
  • Date source: edtf

110 2# - Hasło - nazwa ciała zbiorowego

  • nazwa ciała zbior. lub geogr. na pocz.: Herdersche Verlagsbuchhandlung.

368 ## - Other Attributes

  • Corp type: Wydawcy.

370 ## - Associated place

  • Country: Niemcy.

370 ## - Associated place

  • Residence/HQ: Meersburg (Niemcy).

370 ## - Associated place

  • Residence/HQ: Fryburg Bryzgowijski (Niemcy).

377 ## - Assoc lang

  • Lang code: ger

410 2# - Trop zob. - nazwa ciała zbiorowego

  • nazwa ciała zbior. lub geogr. na pocz.: Herdersche Verlagshandlung.

410 2# - Trop zob. - nazwa ciała zbiorowego

  • nazwa ciała zbior. lub geogr. na pocz.: Herdersche Buchhandlung.

410 2# - Trop zob. - nazwa ciała zbiorowego

  • nazwa ciała zbior. lub geogr. na pocz.: Herdersche Kunst- und Buchhandlung.

410 2# - Trop zob. - nazwa ciała zbiorowego

  • nazwa ciała zbior. lub geogr. na pocz.: Libraire et Etablissement Lithographique de B. Herder.

410 2# - Trop zob. - nazwa ciała zbiorowego

  • nazwa ciała zbior. lub geogr. na pocz.: Herder'sche Verlagshandlung.

410 2# - Trop zob. - nazwa ciała zbiorowego

  • nazwa ciała zbior. lub geogr. na pocz.: Herder'sche Verlagshandlung, Zweigniederlassungen in Wien, Straßburg, München und St. Louis, Mo.

410 2# - Trop zob. - nazwa ciała zbiorowego

  • nazwa ciała zbior. lub geogr. na pocz.: Herder'sche Kunst u. Buchhandlung.

410 2# - Trop zob. - nazwa ciała zbiorowego

  • nazwa ciała zbior. lub geogr. na pocz.: Herder'schee Verlagshandlung zu Freiburg im Breisgau.

410 2# - Trop zob. - nazwa ciała zbiorowego

  • nazwa ciała zbior. lub geogr. na pocz.: Herder'sche Verlagshanldung zu Freiburg im Breisgau.

410 2# - Trop zob. - nazwa ciała zbiorowego

  • nazwa ciała zbior. lub geogr. na pocz.: Herder'schen Verlagshanldung zu Freiburg i. B.

410 2# - Trop zob. - nazwa ciała zbiorowego

  • nazwa ciała zbior. lub geogr. na pocz.: Officina Libraria Herderiana.

410 2# - Trop zob. - nazwa ciała zbiorowego

  • nazwa ciała zbior. lub geogr. na pocz.: Herder'sche Buchhandlung <A. Gessner>.

410 2# - Trop zob. - nazwa ciała zbiorowego

  • nazwa ciała zbior. lub geogr. na pocz.: Buchdruckerei der Herderschen Verlagshandlung.

510 2# - Trop zob. też - nazwa ciała zbiorowego

  • podpole kontrolne: b
  • nazwa ciała zbior. lub geogr. na pocz.: Verlag Herder.

665 ## - Nota historyczna

  • nota historyczna: Verlag Herder zał. w 1801 jako Herdersche Verlagsbuchhandlung przez Bartholomä Herdera w Meersburgu. Od 1808 siedziba we Fryburgu Bryzgowijskim. Od ok. 1920 nazwy: Herder, Herder Verlag, Herder und Co, Herder KG (do 30 czerwca 1974), Herder GmbH und Co. KG (od 1 lipca 1974).

670 ## - Źródło informacji

  • źródło informacji: Kp. Der Katholizismus in Deutschland und der Verlag Herder 1801-1951. - Freiburg, 1951.

670 ## - Źródło informacji

  • źródło informacji: Verlag Herder, 06.08.2012
  • adres internetowy: http://www.herder.de/start_html

670 ## - Źródło informacji

  • źródło informacji: Herder w Polsce, 06.08.2012
  • adres internetowy: http://www.herder.pl/

670 ## - Źródło informacji

  • źródło informacji: de.wikipedia, 06.08.2012

670 ## - Źródło informacji

  • źródło informacji: DNB online

670 ## - Źródło informacji

  • źródło informacji: Patrologie / von Otto Bardenhewer. - Freiburg im Breisgau, 1901.
  • gdzie znaleziono informację: (Herdersche Verlagshandlung)

670 ## - Źródło informacji

  • źródło informacji: Quellenbuch zur brandenburgisch-preussischen Geschichte / Bearbeitet von P. Prinz. - Freiburg im Breisgau, 1892.
  • gdzie znaleziono informację: (Herdersche Verlagshandlung)

670 ## - Źródło informacji

  • źródło informacji: Kp. Untersuchungen über den Mythos der berühmtern Völker der Alten Welt vorzüglich der Griechen, dessen Entstehen, Veränderungen und Inhalt / von I. L. Hugo. - Freyburg, Konstanz, 1812.
  • gdzie znaleziono informację: (Herdersche Buchhandlung)

670 ## - Źródło informacji

  • źródło informacji: Kp. Atlas des plus mémorables batailles, combats et siéges des temps anciens, du moyen age et de l'age moderne en 200 feuilles [...] / par Fr. de Kausler. - Carlsrouhe, 1831.

670 ## - Źródło informacji

  • źródło informacji: Katholisches Eherecht / von Joseph Schnitzer. - Freiburg im Breisgau, 1898.
  • gdzie znaleziono informację: (Herder'sche Verlagshandlung, Zweigniederlassungen in Wien, Straßburg, München und St. Louis, Mo.)

670 ## - Źródło informacji

  • źródło informacji: Kp. Historisch-geographischer Atlas zu den allgemeinen Geschichtswerken / von C. v. Rotteck, Pölitz und Becker. - Freiburg im Breisgau, 1839.
  • gdzie znaleziono informację: (im Verlage der Herder'schen Kunst u. Buchhandlung)

670 ## - Źródło informacji

  • źródło informacji: Die Apostelgruft ad Catacumbas an der via Appia / A. de Waal. - Rom, 1894.
  • gdzie znaleziono informację: (In Commission der Herder'schen Verlagshanldung zu Freiburg im Breisgau)

670 ## - Źródło informacji

  • źródło informacji: Das Fischsymbol in frühchristlicher Zeit. Band 1, Religionsgeschichtliche und epigraphische Untersuchungen, Zugleich ein Beitrag zur ältesten Christologie und Sakramentenlehre / von Franz Jos. Dölger. - Rom, 1894.
  • gdzie znaleziono informację: (In Commission der Herder'schen Verlagshanldung zu Freiburg i. B.)

670 ## - Źródło informacji

  • źródło informacji: Kp. De conjugii Christiani vinculo indissolubili / scripsit Dr. Jo. Leonardus Hug. - Friburgi, 1816.
  • gdzie znaleziono informację: (in Officina Libraria Herderiana)

670 ## - Źródło informacji

  • źródło informacji: Malerische Perspektive / Guido Schreiber. - Karlsruhe, 1854.
  • gdzie znaleziono informację: Wydaw. (Herder'sche Buchhandlung (A. Gessner)).

670 ## - Źródło informacji

  • źródło informacji: Der Jakobusbrief und sein Verfasser nach der ältesten Überlieferung / von Max Meinertz. - Freiburg im Breisgau, 1905.
  • gdzie znaleziono informację: S. tyt.: (Buchdruckerei der Herderschen Verlagshandlung)
Biblioteka Instytutu Północnego, ul. Partyzantów 87, 10-402 Olsztyn, email: biblioteka(at)ip.olsztyn.pl